Villes de Lorraine 20 plus grandes villes - Statistiques

Statistiques générales
  • Ce quiz a été pris 828 fois
  • Le résultat moyen est 10 sur 20
Statistiques - réponses
Population Villes % Correct
116 429 Metz
99%
104 286 Nancy
99%
40 701 Thionville
81%
31 740 Epinal
76%
17 475 Verdun
69%
14 985 Bar-le-Duc
64%
18 287 Lunéville
60%
21 552 Forbach
56%
15 832 Toul
54%
20 783 Sarreguemines
50%
14 228 Pont-à-Mousson
47%
14 378 Longwy
44%
30 002 Vandœuvre-lès-Nancy
43%
21 819 Montigny-lès-Metz
35%
19 607 Saint-Dié-des-Vosges
34%
15 483 Saint-Avold
32%
14 444 Laxou
30%
16 537 Yutz
24%
15 811 Hayange
20%
14 415 Villers-lès-Nancy
19%
Aucun quiz correspondant
Distribution des résultats
% des personnes avec chaque résultat
Percentile par nombre de réponses
Votre historique - résultats
Vous n’avez pas pris ce quiz